00329nam a2200097Ia 4500008004100000082002600041100001900067245006000086260006800146300001700214230907s9999||||xx |||||||||||||| ||und|| a333.793213015195bWER aWeron, RafaƂ. 0aModeling and forecasting electricity loads and prices : aJohn Wiley & Sons,bChichester, England ; | Hoboken, NJ :c2006 axi, 178 p. :